|
|
|
|
| LEADER |
01396cmm a2200397 i 4500 |
| 001 |
000047369 |
| 003 |
7034 |
| 005 |
20030312093307.0 |
| 008 |
010405|1999 vm 000 eng |
| 020 |
|
|
|a 007470818X
|
| 040 |
|
|
|a IRC
|c IRC
|d IRC
|
| 041 |
0 |
|
|a eng
|
| 082 |
1 |
4 |
|a 658.83420994
|b Co-B
|
| 245 |
0 |
0 |
|a Consumer behaviour
|h [Compact Disk - Đĩa Compact] /
|c Queensland University of Technology. School of Marketing and International Business. Teaching and Learning Support Services.
|
| 260 |
|
|
|a Brisbane Qld :
|b Queensland University of Technology,
|c 1999.
|
| 300 |
|
|
|a 1 CD ;
|c 4 3/4 in.
|
| 630 |
0 |
4 |
|a Marketing.
|
| 630 |
0 |
4 |
|a Consumer behavior.
|
| 650 |
0 |
4 |
|a Consumer behaviour
|z Australia.
|
| 650 |
0 |
4 |
|a Market surveys
|z Australia.
|
| 650 |
0 |
4 |
|a Consumer behaviour
|z Australia
|x Case studies.
|
| 650 |
0 |
4 |
|a Market surveys
|z Australia
|x Case studies.
|
| 650 |
0 |
4 |
|a Consumer behaviour
|z New Zealand.
|
| 650 |
0 |
4 |
|a Market surveys
|z New Zealand.
|
| 650 |
0 |
4 |
|a Consumer behaviour
|z New Zealand
|x Case studies.
|
| 710 |
0 |
|
|a Queensland University of Technology. School of Marketing and International Business. Teaching and Learning Support Services.
|
| OWN |
|
|
|a DUT
|
| 999 |
|
|
|a From the UDN01
|
| TYP |
|
|
|a Computer file
|
| TYP |
|
|
|a Monograph
|
| 980 |
|
|
|a Mạng thư viện Đại học Đà Nẵng
|